| 000 | 00718nam a22002297a 4500 | ||
|---|---|---|---|
| 003 | UA-OsUOA | ||
| 001 | 70765 | ||
| 007 | ta | ||
| 008 | 20100915b un ||||| |||| 00| 0 ukr d | ||
| 100 | _aКузьмін О.Є. | ||
| 700 | _aМельник О.Г. | ||
| 090 |
_a330(477) _bК89 |
||
| 942 | _cSA | ||
| 040 |
_aUA-OsUOA _bukr _cUA-OsUOA _dUA-OsUOA |
||
| 245 | _aНормативно-критеріальне забезпечення діагностики фінансового стану підприємства | ||
| 300 | _aС.115 | ||
| 955 | _a0 | ||
| 041 | _aukr | ||
| 080 | _a330(477) | ||
| 773 | 0 |
_w70761 _tФінанси України _dК. _d2010 _g8 |
|
| 650 | 7 |
_a330 Економіка взагалі _2UDC |
|
| 999 |
_c357041 _d357041 |
||